Well said intro : Pronunciation for clear communication
Offering a lively and communicative approach for increasing pronunciation and speaking skills, Well Said Intro provides beginning to mid-intermediate students with the pronunciation and speaking tools they need to communicate in social, academic, and professional settings.
保存先:
| 第一著者: | |
|---|---|
| フォーマット: | 図書 |
| 言語: | Undetermined |
| 出版事項: |
New York, NY
Thomson/Heinle
2007
|
| 主題: | |
| タグ: |
タグ追加
タグなし, このレコードへの初めてのタグを付けませんか!
|
| Thư viện lưu trữ: | Trung tâm Học liệu Trường Đại học Cần Thơ |
|---|
| LEADER | 00920nam a2200229Ia 4500 | ||
|---|---|---|---|
| 001 | CTU_123373 | ||
| 008 | 210402s9999 xx 000 0 und d | ||
| 020 | |c 85000 | ||
| 082 | |a 428.34 | ||
| 082 | |b G762 | ||
| 100 | |a Grant, Linda | ||
| 245 | 0 | |a Well said intro : | |
| 245 | 0 | |b Pronunciation for clear communication | |
| 245 | 0 | |c Linda Grant | |
| 260 | |a New York, NY | ||
| 260 | |b Thomson/Heinle | ||
| 260 | |c 2007 | ||
| 520 | |a Offering a lively and communicative approach for increasing pronunciation and speaking skills, Well Said Intro provides beginning to mid-intermediate students with the pronunciation and speaking tools they need to communicate in social, academic, and professional settings. | ||
| 650 | |a English language,English language | ||
| 650 | |x Textbooks for foreign speakers,Pronunciation for foreign speakers | ||
| 904 | |i Minh | ||
| 980 | |a Trung tâm Học liệu Trường Đại học Cần Thơ | ||